[Event "Gatineau op"]
[Site "Gatineau CAN"]
[Date "2016.03.05"]
[Round "2"]
[White "Doubleday, William"]
[Black "Yang, Fan"]
[Result "1-0"]
[WhiteElo "2114"]
[BlackElo "2018"]
[PlyCount "73"]
[EventDate "2016.03.04"]
[EventType "swiss"]
[EventRounds "5"]
[EventCountry "CAN"]

1. d4 d5 2. c4 e6 3. Nc3 Nf6 4. Nf3 Be7 5. Bf4 c6 6. e3 O-O 7. Qc2 Nbd7 8. Bd3
b6 9. h3 Bb7 10. O-O Rc8 11. cxd5 exd5 12. Qa4 a5 13. Rac1 c5 14. Bb1 Re8 15.
Rfd1 Bc6 16. Qc2 c4 17. Ne5 Bb7 18. Nb5 Ba6 19. Na7 Nb8 20. Nxc8 Qxc8 21. a4
Nc6 22. f3 Nb4 23. Qf2 Qb7 24. g4 b5 25. g5 Nh5 26. Qh4 g6 27. Ng4 Nxf4 28.
Nh6+ Kg7 29. Qxf4 Rf8 30. Ng4 bxa4 31. Nf6 Bxf6 32. gxf6+ Kh8 33. e4 Nd3 34.
Bxd3 cxd3 35. Rc7 Qb3 36. Rd2 Bc4 37. Qh6 1-0

[Event "Gatineau op"]
[Site "Gatineau CAN"]
[Date "2016.03.05"]
[Round "2"]
[White "Kuryliw, Ray"]
[Black "Gordon, David"]
[Result "1/2-1/2"]
[WhiteElo "1951"]
[BlackElo "2310"]
[PlyCount "55"]
[EventDate "2016.03.04"]
[EventType "swiss"]
[EventRounds "5"]
[EventCountry "CAN"]

1. f4 Nc6 2. Nf3 d6 3. b3 e5 4. e3 exf4 5. exf4 Bg4 6. Bb2 Qe7+ 7. Kf2 O-O-O 8.
Bb5 Qe4 9. Nc3 Qxf4 10. Bxc6 bxc6 11. Ne2 Bxf3 12. Nxf4 Bxd1 13. Raxd1 Nh6 14.
h3 d5 15. g4 Kd7 16. Nh5 Rg8 17. Rhf1 Kc8 18. Bd4 a6 19. Be3 g6 20. Nf6 Rh8 21.
Kg2 Bg7 22. Rf3 Rd6 23. Rdf1 Re6 24. c4 dxc4 25. bxc4 Ng8 26. Nxg8 Rxg8 27.
Rxf7 h5 28. R7f3 1/2-1/2

[Event "Gatineau op"]
[Site "Gatineau CAN"]
[Date "2016.03.05"]
[Round "2"]
[White "Marin, Sam"]
[Black "Libersan, Mattieu"]
[Result "1/2-1/2"]
[WhiteElo "1975"]
[BlackElo "2006"]
[PlyCount "104"]
[EventDate "2016.03.04"]
[EventType "swiss"]
[EventRounds "5"]
[EventCountry "CAN"]

1. e4 e5 2. Nf3 f5 3. Nxe5 Nc6 4. Nxc6 dxc6 5. d4 Ne7 6. Nc3 Be6 7. e5 Qd7 8.
Be3 O-O-O 9. Qd2 c5 10. dxc5 Qc6 11. Qe2 Nd5 12. Nxd5 Rxd5 13. f4 Bxc5 14. c4
Rd7 15. Bd2 Rhd8 16. O-O-O Qa4 17. a3 Rd4 18. Qf3 Bxc4 19. Bxc4 Rxc4+ 20. Bc3
Rxc3+ 21. Qxc3 Qxf4+ 22. Kb1 Bd4 23. Qb3 Qxe5 24. Rhe1 Qf6 25. Re6 Qh4 26. Qf3
g6 27. h3 Qf2 28. Qxf2 Bxf2 29. Rxd8+ Kxd8 30. Kc2 Kd7 31. Re2 Bd4 32. Kd3 c5
33. Kc4 Kc6 34. a4 Kd6 35. b4 b6 36. bxc5+ Bxc5 37. Re8 a5 38. Rh8 Ke5 39. Rxh7
Kf4 40. g4 fxg4 41. Rh4 g5 42. Rxg4+ Kf5 43. Kd5 Be3 44. Re4 Bf2 45. Re2 Bc5
46. Re4 Bf2 47. Rg4 Be3 48. Kc6 Bf2 49. Kd5 Be3 50. Rc4 Bf2 51. Re4 Bc5 52. Rc4
Bf2 1/2-1/2

[Event "Gatineau op"]
[Site "Gatineau CAN"]
[Date "2016.03.05"]
[Round "2"]
[White "Miller, Rachel"]
[Black "Mahdjoubi, Abdelaziz"]
[Result "1-0"]
[WhiteElo "2018"]
[BlackElo "1810"]
[PlyCount "33"]
[EventDate "2016.03.04"]
[EventType "swiss"]
[EventRounds "5"]
[EventCountry "CAN"]

1. e4 e6 2. d4 d5 3. exd5 exd5 4. Nf3 Nc6 5. Bb5 a6 6. Ba4 b5 7. Bb3 h6 8. a4
Rb8 9. axb5 axb5 10. h3 Nf6 11. O-O Be7 12. Ne5 Bb7 13. Qd3 Ba8 14. Rxa8 Nxe5
15. Rxb8 Qxb8 16. dxe5 Nd7 17. Qxd5 1-0

[Event "Gatineau op"]
[Site "Gatineau CAN"]
[Date "2016.03.05"]
[Round "2"]
[White "Palsson, Halldor"]
[Black "Simic, Dusan"]
[Result "0-1"]
[WhiteElo "1992"]
[BlackElo "2193"]
[PlyCount "82"]
[EventDate "2016.03.04"]
[EventType "swiss"]
[EventRounds "5"]
[EventCountry "CAN"]

1. d4 d5 2. c4 c6 3. Nf3 Bf5 4. Nc3 Nf6 5. cxd5 cxd5 6. e3 Nc6 7. Bb5 Bd7 8.
O-O e6 9. Ne5 Bd6 10. Nxd7 Nxd7 11. f4 O-O 12. Bd2 a6 13. Bd3 Nb4 14. Bb1 f5
15. a3 Nc6 16. Bd3 b5 17. Qe2 Na5 18. a4 Nb3 19. Rad1 Nxd2 20. Rxd2 b4 21. Nd1
a5 22. Bb5 Nf6 23. Nf2 Rf7 24. Rc1 Rc8 25. Rdc2 Rxc2 26. Rxc2 Rc7 27. Rc6 Rxc6
28. Bxc6 Qc7 29. Qb5 Kf8 30. h3 h6 31. Nd3 g5 32. g3 gxf4 33. Nxf4 Bxf4 34.
exf4 Ne4 35. Kg2 Ke7 36. Qb7 Qxb7 37. Bxb7 Nd6 38. Ba6 Nc4 39. Bxc4 dxc4 40.
Kf2 c3 41. bxc3 b3 0-1

[Event "Gatineau op"]
[Site "Gatineau CAN"]
[Date "2016.03.05"]
[Round "2"]
[White "Zhu, Hong Rui"]
[Black "Donev, Danail"]
[Result "1-0"]
[WhiteElo "2237"]
[BlackElo "1990"]
[PlyCount "93"]
[EventDate "2016.03.04"]
[EventType "swiss"]
[EventRounds "5"]
[EventCountry "CAN"]

1. e4 c5 2. Ne2 d6 3. d4 cxd4 4. Nxd4 Nf6 5. Nc3 a6 6. h3 e5 7. Nde2 Be6 8. g4
Be7 9. Bg2 O-O 10. Ng3 Nbd7 11. Nf5 Nb6 12. Bg5 Bxf5 13. exf5 Rb8 14. O-O Nfd7
15. Bxe7 Qxe7 16. Qe2 Nc5 17. Rad1 Rfd8 18. Nd5 Nxd5 19. Rxd5 b5 20. Rfd1 Na4
21. c3 Nb6 22. R5d3 Qc7 23. Qd2 Nc4 24. Qc1 Qe7 25. b3 Nb6 26. Qa3 Nc8 27. Qxa6
Rb6 28. Qa5 e4 29. Re1 d5 30. Rd4 h5 31. c4 dxc4 32. Rdxe4 Qf8 33. bxc4 bxc4
34. Rxc4 Rbd6 35. Rce4 hxg4 36. hxg4 Rd5 37. Qa4 Nd6 38. R4e2 Rc5 39. Bf3 Rc4
40. Qa6 Rf4 41. Kg2 Nc8 42. Qc6 Nd6 43. Rd1 Rc4 44. Qb6 Rc3 45. Red2 Nc4 46.
Qxd8 Nxd2 47. Rxd2 1-0

[Event "Gatineau op"]
[Site "Gatineau CAN"]
[Date "2016.03.05"]
[Round "3"]
[White "Brassard, Sylvain"]
[Black "Palsson, Halldor"]
[Result "0-1"]
[WhiteElo "1870"]
[BlackElo "1992"]
[PlyCount "78"]
[EventDate "2016.03.04"]
[EventType "swiss"]
[EventRounds "5"]
[EventCountry "CAN"]

1. d4 d5 2. c4 e6 3. Nc3 c6 4. e3 Bd6 5. Nf3 f5 6. Bd3 Nf6 7. O-O O-O 8. Ne1
Bd7 9. f4 Be8 10. c5 Bc7 11. Qb3 b6 12. cxb6 axb6 13. Nf3 c5 14. Be2 c4 15. Qc2
b5 16. Bd2 b4 17. Nd1 Bd6 18. Nf2 Nc6 19. Ne5 Qb6 20. g4 Ne4 21. Nxe4 fxe4 22.
Nxc4 dxc4 23. Qxe4 Bf7 24. Bxc4 Rae8 25. Rfc1 Na5 26. b3 Re7 27. h4 Kh8 28. h5
Bg8 29. Bd3 Ree8 30. Qg2 Rxf4 31. Bg6 Rff8 32. Bxe8 Rxe8 33. Rc2 e5 34. Qe4 h6
35. g5 hxg5 36. Qg6 Re6 37. Qxg5 exd4 38. Rc8 dxe3 39. Be1 e2+ 0-1

[Event "Gatineau op"]
[Site "Gatineau CAN"]
[Date "2016.03.05"]
[Round "3"]
[White "Demchenko, Svitlana"]
[Black "Donev, Danail"]
[Result "1/2-1/2"]
[WhiteElo "1660"]
[BlackElo "1990"]
[PlyCount "102"]
[EventDate "2016.03.04"]
[EventType "swiss"]
[EventRounds "5"]
[EventCountry "CAN"]

1. d4 Nf6 2. Nf3 g6 3. c4 Bg7 4. Nc3 O-O 5. e4 d6 6. Be2 e5 7. d5 Nbd7 8. O-O
Nc5 9. Qc2 a5 10. Be3 Ng4 11. Bxc5 dxc5 12. Rfe1 f5 13. Rad1 Ra6 14. Bd3 f4 15.
Bf1 g5 16. Rd3 Rg6 17. g3 Nh6 18. Red1 Nf7 19. Ne1 Nd6 20. b3 g4 21. Qe2 f3 22.
Qc2 h5 23. h4 gxh3 24. Rxf3 h4 25. Kh2 hxg3+ 26. fxg3 Bg4 27. Rxf8+ Qxf8 28.
Be2 Qf2+ 29. Kh1 Qxg3 30. Bxg4 Qxg4 31. Qh2 Nxe4 32. Rd3 Nxc3 33. Rxc3 Qe4+ 34.
Nf3 Qb1+ 35. Ng1 e4 36. Rg3 Rxg3 37. Qxg3 Qd3 38. Qg6 Qf1 39. Qxe4 Bd4 40. Qg4+
Kf8 41. Qf3+ Qxf3+ 42. Nxf3 Ke7 43. Kh2 Kf6 44. Kxh3 Kf5 45. Kg3 Bf6 46. Kf2
Ke4 47. Ke2 Be7 48. Ne1 a4 49. Kd2 axb3 50. axb3 Bg5+ 51. Kc2 Be7 1/2-1/2

[Event "Gatineau op"]
[Site "Gatineau CAN"]
[Date "2016.03.05"]
[Round "3"]
[White "Desjardins, Michel"]
[Black "Groot-Lipman, Jeff"]
[Result "1/2-1/2"]
[WhiteElo "1910"]
[BlackElo "2081"]
[PlyCount "50"]
[EventDate "2016.03.04"]
[EventType "swiss"]
[EventRounds "5"]
[EventCountry "CAN"]

1. e4 d5 2. exd5 Qxd5 3. Nc3 Qa5 4. Nf3 Nf6 5. Bc4 Bg4 6. h3 Bh5 7. O-O c6 8.
b3 Nbd7 9. Bb2 O-O-O 10. Be2 g5 11. Nh2 Bg6 12. a3 h5 13. b4 Qc7 14. b5 Nb8 15.
d3 e5 16. Qc1 Bh6 17. Qe3 g4 18. Qxa7 gxh3 19. Na4 Nbd7 20. Bf3 Qb8 21. Qa5 Qc7
22. Qa7 Qb8 23. Qa5 Qc7 24. Qa7 Qb8 25. Qa5 Qc7 1/2-1/2

[Event "Gatineau op"]
[Site "Gatineau CAN"]
[Date "2016.03.05"]
[Round "3"]
[White "Forouzandeh, Ehsan"]
[Black "Miller, Rachel"]
[Result "0-1"]
[WhiteElo "1625"]
[BlackElo "2018"]
[PlyCount "63"]
[EventDate "2016.03.04"]
[EventType "swiss"]
[EventRounds "5"]
[EventCountry "CAN"]

1. e4 e5 2. Nf3 Nc6 3. d4 exd4 4. Bc4 Nf6 5. e5 d5 6. Bb5 Ne4 7. Nxd4 Bd7 8.
Bxc6 bxc6 9. O-O Be7 10. Nd2 Nxd2 11. Bxd2 c5 12. Ne2 O-O 13. Ng3 f6 14. exf6
Bxf6 15. c3 Rb8 16. Be3 Bb5 17. Bxc5 Bxf1 18. Bxf8 Kxf8 19. Qxf1 Rxb2 20. Qd3
Kg8 21. Nh5 Be7 22. Qd4 Bf8 23. c4 Rc2 24. cxd5 Qg5 25. Nf4 Bd6 26. Qe4 Qxf4
27. Qe6+ Qf7 28. Qe3 Bc5 29. Qe6 Qxe6 30. dxe6 Rxf2 31. Kh1 Re2 32. Rd1 0-1

[Event "Gatineau op"]
[Site "Gatineau CAN"]
[Date "2016.03.05"]
[Round "3"]
[White "Gordon, David"]
[Black "Zhu, Hong Rui"]
[Result "0-1"]
[WhiteElo "2310"]
[BlackElo "2237"]
[PlyCount "140"]
[EventDate "2016.03.04"]
[EventType "swiss"]
[EventRounds "5"]
[EventCountry "CAN"]

1. d4 d5 2. c4 e6 3. Nc3 c6 4. cxd5 exd5 5. Nf3 Bd6 6. g3 Bf5 7. Bg2 Nf6 8. Bg5
Nbd7 9. O-O O-O 10. Nh4 Bg6 11. f3 Qb6 12. Na4 Qb5 13. Bxf6 Nxf6 14. Nxg6 hxg6
15. e4 dxe4 16. fxe4 Rad8 17. Qc2 Ng4 18. Rf3 Be7 19. Rd1 Bg5 20. Rdd3 Qb4 21.
h3 Rxd4 22. hxg4 Qxa4 23. Qxa4 Rxa4 24. Rd7 Rxa2 25. Rxb7 Bf6 26. Kh2 Rxb2 27.
Rxa7 g5 28. Rfa3 Be5 29. Ra8 Bb8 30. e5 Bxe5 31. Rxf8+ Kxf8 32. Ra5 f6 33. Rc5
Rd2 34. Rxc6 Rd3 35. Be4 Rxg3 36. Kh1 Rxg4 37. Bg6 Rh4+ 38. Kg2 Rh6 39. Bf5 Ke7
40. Re6+ Kf7 41. Ra6 g6 42. Ra7+ Kf8 43. Be6 f5 44. Rf7+ Ke8 45. Rb7 Rh2+ 46.
Kg1 Rh6 47. Kg2 g4 48. Bf7+ Kf8 49. Be6 Rh2+ 50. Kg1 Rb2 51. Rf7+ Ke8 52. Rh7
Rb6 53. Bd5 Rd6 54. Bb3 Ra6 55. Kf1 Bd4 56. Rb7 Rf6 57. Rb4 Bb6 58. Bd1 Kf7 59.
Kg2 Kg7 60. Be2 Kh6 61. Rb1 Kg5 62. Rb5 Re6 63. Bc4 Rc6 64. Bf7 Rc2+ 65. Kf1
Be3 66. Re5 Kf4 67. Ra5 g3 68. Ra4+ Kg5 69. Bd5 Rf2+ 70. Ke1 g2 0-1

[Event "Gatineau op"]
[Site "Gatineau CAN"]
[Date "2016.03.05"]
[Round "3"]
[White "Johnson, Nicholas"]
[Black "Marin, Sam"]
[Result "1-0"]
[WhiteElo "1800"]
[BlackElo "1975"]
[PlyCount "99"]
[EventDate "2016.03.04"]
[EventType "swiss"]
[EventRounds "5"]
[EventCountry "CAN"]

1. c4 e5 2. g3 Nf6 3. Bg2 d5 4. cxd5 Nxd5 5. Nc3 Nb6 6. Nf3 Nc6 7. O-O Be7 8.
d3 Be6 9. Bd2 Qd7 10. a3 a5 11. Na4 Nxa4 12. Qxa4 O-O 13. Rac1 Bh3 14. Bxh3
Qxh3 15. Qb5 Bd6 16. Qxb7 Nd4 17. Nxd4 exd4 18. Qf3 Qe6 19. b4 axb4 20. Bxb4 c5
21. Bxc5 Bxc5 22. Rxc5 Rxa3 23. Rfc1 Ra2 24. R5c2 Rfa8 25. Rc6 Qe8 26. R6c2 h6
27. Qd5 Rxc2 28. Rxc2 Qa4 29. Rc7 Rf8 30. Kg2 Qd1 31. Qe4 Rd8 32. Qe7 Rf8 33.
Rd7 Qa4 34. Rd8 Rxd8 35. Qxd8+ Kh7 36. Qe7 Qc6+ 37. Qe4+ Qxe4+ 38. dxe4 Kg6 39.
f4 Kf6 40. Kf3 Ke6 41. Kg4 g6 42. h4 f5+ 43. exf5+ gxf5+ 44. Kh5 Kd5 45. Kxh6
Ke4 46. Kg5 Ke3 47. h5 Kxe2 48. h6 d3 49. h7 d2 50. h8=Q 1-0

[Event "Gatineau op"]
[Site "Gatineau CAN"]
[Date "2016.03.05"]
[Round "3"]
[White "Ritchie, Gordon"]
[Black "Yao, Sammy"]
[Result "0-1"]
[WhiteElo "1798"]
[BlackElo "2028"]
[PlyCount "100"]
[EventDate "2016.03.04"]
[EventType "swiss"]
[EventRounds "5"]
[EventCountry "CAN"]

1. e4 d6 2. d4 g6 3. Nf3 Bg7 4. Be3 a6 5. Be2 b5 6. a4 b4 7. c3 Bb7 8. Nbd2 Nf6
9. d5 c6 10. c4 Nbd7 11. Rb1 cxd5 12. exd5 O-O 13. O-O e6 14. dxe6 fxe6 15. Nd4
Qe7 16. Bf3 Nc5 17. b3 Nfe4 18. Nxe4 Nxe4 19. Qd3 Nc5 20. Qd2 Bxd4 21. Qxd4
Bxf3 22. gxf3 Rxf3 23. Rfd1 Nb7 24. Qe4 Raf8 25. Qc6 a5 26. Rd2 Rh3 27. Rbd1
Rh5 28. Qg2 Rff5 29. Rd4 e5 30. Rg4 Rf7 31. Qd5 Qd7 32. Rg3 Rh3 33. Kg2 Rxg3+
34. hxg3 h5 35. Rd3 h4 36. Bb6 hxg3 37. Rxg3 Qf5 38. Rf3 Qxf3+ 39. Qxf3 Rxf3
40. Kxf3 Kf7 41. Ke4 Ke6 42. Ke3 Kd7 43. Ke4 Kc6 44. Be3 Nc5+ 45. Bxc5 Kxc5 46.
Ke3 g5 47. f3 d5 48. cxd5 Kxd5 49. Kd3 e4+ 50. fxe4+ Ke5 0-1

[Event "Gatineau op"]
[Site "Gatineau CAN"]
[Date "2016.03.05"]
[Round "3"]
[White "Simic, Dusan"]
[Black "Kuryliw, Ray"]
[Result "1/2-1/2"]
[WhiteElo "2193"]
[BlackElo "1951"]
[PlyCount "62"]
[EventDate "2016.03.04"]
[EventType "swiss"]
[EventRounds "5"]
[EventCountry "CAN"]

1. e4 e5 2. Nf3 Nc6 3. Bb5 a6 4. Ba4 Nf6 5. O-O Be7 6. Re1 b5 7. Bb3 d6 8. c3
O-O 9. h3 Na5 10. Bc2 d5 11. d4 Nxe4 12. dxe5 Bb7 13. Nbd2 Nxd2 14. Bxd2 Nc4
15. Bc1 f6 16. a4 fxe5 17. Nxe5 Bf6 18. Nxc4 dxc4 19. Be3 Qxd1 20. Rexd1 Bc6
21. Bc5 Rfd8 22. axb5 axb5 23. Rxd8+ Bxd8 24. Rxa8 Bxa8 25. f3 Bd5 26. Kf2 g6
27. g3 Kf7 28. Be3 Be7 29. h4 c5 30. Ke2 b4 31. Kf2 Bf6 1/2-1/2

[Event "Gatineau op"]
[Site "Gatineau CAN"]
[Date "2016.03.05"]
[Round "3"]
[White "Yang, Fan"]
[Black "Huang, Qiuyu"]
[Result "1/2-1/2"]
[WhiteElo "2018"]
[BlackElo "1925"]
[PlyCount "75"]
[EventDate "2016.03.04"]
[EventType "swiss"]
[EventRounds "5"]
[EventCountry "CAN"]

1. e4 c5 2. Nf3 Nc6 3. d4 cxd4 4. Nxd4 g6 5. Nc3 Bg7 6. Be3 Nf6 7. Bc4 O-O 8.
Qd2 Ng4 9. Nxc6 dxc6 10. O-O Qc7 11. Bf4 e5 12. Bg3 b5 13. Bb3 a6 14. h3 Nf6
15. Rad1 Bb7 16. Qe3 a5 17. a3 Nd7 18. Rd2 Nb6 19. Qc5 Ba6 20. Rfd1 Rfe8 21. a4
Bf8 22. Qe3 b4 23. Ne2 c5 24. Qf3 c4 25. Ba2 Re6 26. Bh4 Be7 27. Bxe7 Qxe7 28.
Ng3 Rf6 29. Qg4 Rf4 30. Nf5 Qf8 31. Qg3 Rxe4 32. Nd6 Rf4 33. Qe3 Nxa4 34. Qxe5
Rh4 35. Nxf7 Re8 36. Qf6 Rhe4 37. Rd7 Qg7 38. Nh6+ 1/2-1/2

[Event "Gatineau op"]
[Site "Gatineau CAN"]
[Date "2016.03.06"]
[Round "4"]
[White "Donev, Danail"]
[Black "Gordon, David"]
[Result "1/2-1/2"]
[WhiteElo "1990"]
[BlackElo "2310"]
[PlyCount "94"]
[EventDate "2016.03.04"]
[EventType "swiss"]
[EventRounds "5"]
[EventCountry "CAN"]

1. e4 d5 2. exd5 Nf6 3. Bb5+ Bd7 4. Be2 Nxd5 5. Nf3 c5 6. O-O Nc6 7. d4 cxd4 8.
Nxd4 e6 9. c4 Nf6 10. Nc3 Bc5 11. Be3 Nxd4 12. Bxd4 Bxd4 13. Qxd4 Bc6 14. Rfd1
Qxd4 15. Rxd4 a5 16. b3 Ke7 17. Rad1 Rhd8 18. f4 Rxd4 19. Rxd4 Rd8 20. Rxd8
Kxd8 21. Kf2 Ne4+ 22. Nxe4 Bxe4 23. a3 Kc7 24. Bf3 Bc2 25. b4 Bb3 26. Be2 axb4
27. axb4 Kd6 28. Ke3 e5 29. c5+ Ke6 30. Bf3 exf4+ 31. Kd4 b6 32. cxb6 Kd6 33.
b7 Kc7 34. Ke5 g5 35. Kf5 h6 36. Kg4 Bc2 37. Kh5 f5 38. Kxh6 g4 39. Be2 g3 40.
hxg3 fxg3 41. Kg5 Be4 42. Bf1 Kxb7 43. Kf4 Bxg2 44. Bxg2+ Kb6 45. Bf1 g2 46.
Bxg2 Kb5 47. Kxf5 Kxb4 1/2-1/2

[Event "Gatineau op"]
[Site "Gatineau CAN"]
[Date "2016.03.06"]
[Round "4"]
[White "Doubleday, William"]
[Black "Desjardins, Michel"]
[Result "1-0"]
[WhiteElo "2114"]
[BlackElo "1910"]
[PlyCount "87"]
[EventDate "2016.03.04"]
[EventType "swiss"]
[EventRounds "5"]
[EventCountry "CAN"]

1. d4 d5 2. c4 c6 3. e3 Bf5 4. Nc3 Nf6 5. Nf3 e6 6. Qb3 Qc7 7. Bd2 a6 8. Rc1
Bd6 9. Be2 O-O 10. O-O Nbd7 11. h3 h6 12. Rfd1 Rac8 13. Be1 Qb8 14. c5 Bc7 15.
Na4 e5 16. dxe5 Nxe5 17. Rd4 Nxf3+ 18. Bxf3 Rcd8 19. Rb4 Bc8 20. Nb6 Bxb6 21.
Rxb6 Nd7 22. Rb4 Ne5 23. Be2 Qc7 24. Bc3 Qe7 25. Bd4 f5 26. Qc3 Nd7 27. f4 Nf6
28. Bd3 Ne4 29. Bxe4 fxe4 30. Qe1 Qf7 31. Qh4 Qg6 32. Rb3 Rde8 33. Kh1 h5 34.
Rg1 Rf7 35. Rc3 Ree7 36. Rc2 Qh6 37. g4 hxg4 38. Qxh6 gxh6 39. hxg4 Rh7 40. Rh2
Kf8 41. Rg3 Bd7 42. f5 Kg8 43. Rgh3 Ref7 44. Kg2 1-0

[Event "Gatineau op"]
[Site "Gatineau CAN"]
[Date "2016.03.06"]
[Round "4"]
[White "Groot-Lipman, Jeff"]
[Black "Johnson, Nicholas"]
[Result "0-1"]
[WhiteElo "2081"]
[BlackElo "1800"]
[PlyCount "66"]
[EventDate "2016.03.04"]
[EventType "swiss"]
[EventRounds "5"]
[EventCountry "CAN"]

1. e4 e6 2. d4 d5 3. exd5 exd5 4. c4 Nf6 5. Nc3 Be7 6. Bd3 O-O 7. Nge2 c6 8.
O-O dxc4 9. Bxc4 Nbd7 10. a4 Nb6 11. Bb3 a5 12. Bg5 Re8 13. Qd3 Nfd5 14. Bxe7
Rxe7 15. Rad1 Be6 16. Bc2 g6 17. Nxd5 Nxd5 18. Rfe1 Nb4 19. Qc3 Nxc2 20. Qxc2
Qb6 21. Qc3 Bb3 22. Nf4 Rae8 23. Rxe7 Rxe7 24. Rc1 Re4 25. Nd3 Rxd4 26. Re1 Be6
27. Ne5 Qb4 28. Qe3 Qd2 29. b3 Qxe3 30. fxe3 Rb4 31. Nd3 Rxb3 32. Nc5 Rb4 33.
Nxe6 fxe6 0-1

[Event "Gatineau op"]
[Site "Gatineau CAN"]
[Date "2016.03.06"]
[Round "4"]
[White "Huang, Qiuyu"]
[Black "Forouzandeh, Ehsan"]
[Result "1-0"]
[WhiteElo "1925"]
[BlackElo "1625"]
[PlyCount "63"]
[EventDate "2016.03.04"]
[EventType "swiss"]
[EventRounds "5"]
[EventCountry "CAN"]

1. e4 d5 2. exd5 Qxd5 3. Nc3 Qd8 4. Bc4 Nf6 5. d3 e6 6. Be3 Nc6 7. Nge2 a6 8.
a4 Be7 9. Qd2 b6 10. h3 Bb7 11. Rg1 Bb4 12. f4 Ne7 13. Bd4 Ned5 14. Bxd5 Bxd5
15. g4 Rg8 16. Qe3 Qe7 17. O-O-O O-O-O 18. g5 Nd7 19. f5 f6 20. Nf4 Bc6 21.
fxe6 Nc5 22. gxf6 gxf6 23. Rxg8 Rxg8 24. Bxc5 Bxc5 25. d4 Bd6 26. Nfd5 Bxd5 27.
Nxd5 Qf8 28. e7 Qf7 29. Nxf6 Re8 30. Nxe8 Bf4 31. Nd6+ cxd6 32. e8=Q+ 1-0

[Event "Gatineau op"]
[Site "Gatineau CAN"]
[Date "2016.03.06"]
[Round "4"]
[White "Libersan, Mattieu"]
[Black "Brassard, Sylvain"]
[Result "1-0"]
[WhiteElo "2006"]
[BlackElo "1870"]
[PlyCount "57"]
[EventDate "2016.03.04"]
[EventType "swiss"]
[EventRounds "5"]
[EventCountry "CAN"]

1. e4 Nf6 2. e5 Nd5 3. c4 Nb6 4. c5 Nd5 5. Nc3 e6 6. Bc4 Nxc3 7. dxc3 Bxc5 8.
Qg4 Qe7 9. Qxg7 Qf8 10. Qf6 Be7 11. Qf4 Rg8 12. Nf3 Qg7 13. Be3 Qg4 14. O-O-O
Qxf4 15. Bxf4 b6 16. Bd3 Bb7 17. Bxh7 Rxg2 18. Rhg1 Bxf3 19. Rxg2 Bxg2 20. Rg1
Bf8 21. Rxg2 Nc6 22. Be4 O-O-O 23. h4 Be7 24. h5 f5 25. h6 Rh8 26. Bf3 Kb7 27.
Rg7 Bf8 28. Rg6 Ka6 29. Bxc6 1-0

[Event "Gatineau op"]
[Site "Gatineau CAN"]
[Date "2016.03.06"]
[Round "4"]
[White "Mahdjoubi, Abdelaziz"]
[Black "Ritchie, Gordon"]
[Result "0-1"]
[WhiteElo "1810"]
[BlackElo "1798"]
[PlyCount "92"]
[EventDate "2016.03.04"]
[EventType "swiss"]
[EventRounds "5"]
[EventCountry "CAN"]

1. e4 d5 2. e5 c5 3. c3 Nc6 4. Nf3 Bf5 5. d4 e6 6. Bd3 Nge7 7. O-O Bxd3 8. Qxd3
Ng6 9. Bg5 Be7 10. Bxe7 Qxe7 11. Qe3 cxd4 12. cxd4 O-O 13. a3 a6 14. Nc3 b5 15.
g3 Rfc8 16. b4 Qa7 17. Rac1 Rc7 18. h4 Rac8 19. h5 Nf8 20. h6 Ng6 21. Ne2 Nce7
22. Rc5 Nf5 23. Qc3 Nxh6 24. Rc1 Rxc5 25. bxc5 Nf5 26. Qa5 Nfe7 27. a4 Nc6 28.
Qb6 b4 29. a5 Nge7 30. Nd2 Rb8 31. Qxa7 Nxa7 32. g4 Nec6 33. Nb3 Nb5 34. f4 Na3
35. Kf2 Rb5 36. Ra1 Nc4 37. Ke1 Kf8 38. Nec1 Ke7 39. Ke2 Kd7 40. Ra4 N6xa5 41.
Nxa5 Rxa5 42. Rxa5 Nxa5 43. Kd3 Kc6 44. Kc2 Kb5 45. f5 Nc6 46. fxe6 Nxd4+ 0-1

[Event "Gatineau op"]
[Site "Gatineau CAN"]
[Date "2016.03.06"]
[Round "4"]
[White "Marin, Sam"]
[Black "Yang, Fan"]
[Result "1/2-1/2"]
[WhiteElo "1975"]
[BlackElo "2018"]
[PlyCount "104"]
[EventDate "2016.03.04"]
[EventType "swiss"]
[EventRounds "5"]
[EventCountry "CAN"]

1. e4 e5 2. Nf3 Nc6 3. d4 exd4 4. Nxd4 Bc5 5. Be3 Qf6 6. c3 Nge7 7. Bc4 Ne5 8.
Be2 d6 9. O-O Qg6 10. Nd2 Bh3 11. Bf3 O-O 12. Kh1 Nxf3 13. Qxf3 Bd7 14. b4 Bb6
15. a4 c6 16. a5 Bc7 17. a6 d5 18. Bf4 Bxf4 19. Qxf4 b6 20. Qc7 Rfd8 21. N2f3
Qf6 22. e5 Qg6 23. Rfe1 Nf5 24. e6 fxe6 25. Ne5 Qg5 26. Nxf5 Qxf5 27. Nxd7 Qf7
28. Qxc6 Qxd7 29. Qxd7 Rxd7 30. Rxe6 Rc8 31. Re3 Rdc7 32. g3 Rxc3 33. Rxc3 Rxc3
34. Rd1 Rc4 35. Rxd5 Rxb4 36. Rd7 Ra4 37. Rxa7 b5 38. Kg2 b4 39. Kf3 b3 40. Rb7
Rxa6 41. Rxb3 Ra4 42. Rb7 h6 43. g4 g5 44. Kg3 Kh8 45. h4 Ra3+ 46. f3 gxh4+ 47.
Kxh4 Rxf3 48. Kh5 Rf6 49. Re7 Kg8 50. Ra7 Kh8 51. g5 hxg5 52. Kxg5 Rb6 1/2-1/2

[Event "Gatineau op"]
[Site "Gatineau CAN"]
[Date "2016.03.06"]
[Round "4"]
[White "Miller, Rachel"]
[Black "Davies, Alex"]
[Result "0-1"]
[WhiteElo "2018"]
[BlackElo "2259"]
[PlyCount "68"]
[EventDate "2016.03.04"]
[EventType "swiss"]
[EventRounds "5"]
[EventCountry "CAN"]

1. e4 e6 2. d4 d5 3. exd5 exd5 4. Nf3 Nf6 5. Bd3 Bg4 6. O-O Be7 7. Re1 O-O 8.
h3 Bh5 9. Bf4 c5 10. dxc5 Bxc5 11. Be3 Bxe3 12. Rxe3 d4 13. Re1 Nc6 14. Nbd2
Qd5 15. Bc4 Qc5 16. Qe2 Rad8 17. Nb3 Qf5 18. g4 Nxg4 19. Bd3 Qc8 20. Bxh7+ Kxh7
21. Ng5+ Kg8 22. hxg4 Bxg4 23. Qd3 Bf5 24. Qf3 Rd6 25. Qh5 Rh6 26. Qf3 Bg4 27.
Qd5 Qc7 28. Nf3 Qf4 29. Nfxd4 Nxd4 30. Nxd4 Qh2+ 31. Kf1 Rd6 32. Nf3 Qh3+ 33.
Ke2 Rxd5 34. Rh1 Re8# 0-1

[Event "Gatineau op"]
[Site "Gatineau CAN"]
[Date "2016.03.06"]
[Round "4"]
[White "Palsson, Halldor"]
[Black "Demchenko, Svitlana"]
[Result "1/2-1/2"]
[WhiteElo "1992"]
[BlackElo "1660"]
[PlyCount "84"]
[EventDate "2016.03.04"]
[EventType "swiss"]
[EventRounds "5"]
[EventCountry "CAN"]

1. d4 d5 2. c4 c6 3. Nc3 Nf6 4. Nf3 e6 5. Bg5 Nbd7 6. e3 Qa5 7. Nd2 dxc4 8.
Bxf6 Nxf6 9. Nxc4 Qc7 10. Bd3 Be7 11. O-O O-O 12. Rc1 a6 13. a4 c5 14. dxc5
Qxc5 15. a5 Qa7 16. Nb6 Rb8 17. Qc2 Bb4 18. Qa4 Bc5 19. Qb3 Bxb6 20. axb6 Qa8
21. Ne4 Nxe4 22. Bxe4 Bd7 23. Bxh7+ Kxh7 24. Qd3+ Kg8 25. Qxd7 Rbd8 26. Qe7
Rfe8 27. Qb4 a5 28. Qb5 Rd5 29. Rc5 Rxc5 30. Qxc5 Rc8 31. Qb5 Rd8 32. Rc1 Rd5
33. Qb3 Qd8 34. g3 Rd6 35. Rc7 Rd1+ 36. Kg2 Qd5+ 37. Qxd5 Rxd5 38. Rxb7 Rb5 39.
Rb8+ Kh7 40. Ra8 Rxb6 41. Rxa5 Rxb2 42. Ra7 f6 1/2-1/2

[Event "Gatineau op"]
[Site "Gatineau CAN"]
[Date "2016.03.06"]
[Round "4"]
[White "Yao, Sammy"]
[Black "Simic, Dusan"]
[Result "1-0"]
[WhiteElo "2028"]
[BlackElo "2193"]
[PlyCount "75"]
[EventDate "2016.03.04"]
[EventType "swiss"]
[EventRounds "5"]
[EventCountry "CAN"]

1. c4 Nf6 2. g3 g6 3. Bg2 Bg7 4. Nc3 d6 5. e4 c5 6. Nge2 Nc6 7. d3 O-O 8. O-O
Rb8 9. f4 Bd7 10. h3 a6 11. Rb1 b5 12. Be3 Ne8 13. Qd2 Nd4 14. b4 Nc7 15. bxc5
dxc5 16. e5 Nce6 17. g4 b4 18. Nd5 Nxe2+ 19. Qxe2 Nd4 20. Bxd4 cxd4 21. Rxb4
Rxb4 22. Nxb4 Qa5 23. Nd5 Qd8 24. f5 e6 25. f6 Bh6 26. Ne7+ Kh8 27. Qe1 Be3+
28. Kh1 Qb8 29. Qg3 Qb2 30. Qh4 Qd2 31. Be4 Bg5 32. Qf2 Qc3 33. h4 Be3 34. Qh2
Rb8 35. g5 Rb2 36. Qh3 Qc2 37. h5 Rb1 38. hxg6 1-0